Detalles MARC
| 000 -CABECERA |
| campo de control de longitud fija |
01005nam a2200217 a 4500 |
| 001 - NÚMERO DE CONTROL |
| campo de control |
000038116 |
| 005 - FECHA Y HORA DE LA ÚLTIMA TRANSACCIÓN |
| campo de control |
20201002031158.0 |
| 008 - DATOS DE LONGITUD FIJA--INFORMACIÓN GENERAL |
| campo de control de longitud fija |
130314s2006 dr a 001 0 spa d |
| 040 ## - FUENTE DE LA CATALOGACIÓN |
| Centro catalogador/agencia de origen |
DO-SdBNP |
| Lengua de catalogación |
spa |
| Centro/agencia transcriptor |
BNPHU |
| 082 ## - NÚMERO DE LA CLASIFICACIÓN DECIMAL DEWEY |
| Número de clasificación |
345.729305 |
| Número de documento/Ítem |
M492m |
| 100 1# - ENTRADA PRINCIPAL--NOMBRE DE PERSONA |
| Nombre de persona |
Medrano, Claudio Aníbal |
| 9 (RLIN) |
35829 |
| 245 10 - MENCIÓN DE TÍTULO |
| Título |
Manual de procedimientos de gestión penal / |
| Mención de responsabilidad, etc. |
Claudio Aníbal Medrano. |
| 260 ## - PUBLICACIÓN, DISTRIBUCIÓN, ETC. |
| Lugar de publicación, distribución, etc. |
Santo Domingo : |
| Nombre del editor, distribuidor, etc. |
Suprema Corte de Justicia, |
| Fecha de publicación, distribución, etc. |
2006. |
| 300 ## - DESCRIPCIÓN FÍSICA |
| Extensión |
3 v. : |
| Otras características físicas |
il. ; |
| Dimensiones |
29 cm. |
| 504 ## - NOTA DE BIBLIOGRAFÍA, ETC. |
| Nota de bibliografía, etc. |
Bibliografía: p. 137-140. |
| 505 0# - NOTA DE CONTENIDO CON FORMATO |
| Información miscelánea |
v. 1. |
| Título |
Modelo de gestión del Despacho Judicial Penal de la República Dominicana -- |
| Información miscelánea |
v. 2. |
| Título |
Manual de procedimientos de gestión penal / |
| Mención de responsabilidad |
Claudio Aníbal Medrano -- |
| Información miscelánea |
v. 3. |
| Título |
Manual de procedimientos administrativos del Despacho Judicial Penal. |
| 590 ## - NOTA LOCAL (RLIN) |
| Nota local |
Inventariado,2018/DG |
| 650 #4 - PUNTO DE ACCESO ADICIONAL DE MATERIA--TÉRMINO DE MATERIA |
| Término de materia o nombre geográfico como elemento de entrada |
Procedimiento penal |
| Subdivisión geográfica |
República Dominicana |
| Subdivisión general |
Manuales |
| 9 (RLIN) |
64490 |
| 650 #4 - PUNTO DE ACCESO ADICIONAL DE MATERIA--TÉRMINO DE MATERIA |
| Término de materia o nombre geográfico como elemento de entrada |
Derecho penal |
| Subdivisión geográfica |
República Dominicana |
| Subdivisión general |
Manuales |
| 9 (RLIN) |
64491 |
| 910 ## - DATOS DE OPCIÓN DEL USUARIO (OCLC) |
| Datos de opción del usuario |
Validado. Control de calidad EMS |